000 00322nam a2200145Ia 4500
008 221030s9999 xx 000 0 und d
041 _aEnglish
082 _a105.23
100 _aE. Rich
245 0 _aArtifical Intelligence
_cby E. Rich, K. Knight
260 _c0
650 _aB
700 _aK. Knight
942 _cBK
999 _c10572
_d10572